| 000 | 00684nam a22002537a 4500 | ||
|---|---|---|---|
| 001 | 37961 | ||
| 003 | UA-OsUOA | ||
| 005 | 20210813111636.0 | ||
| 007 | ta | ||
| 008 | 20060420b un ||||| |||| 00| 0 ukr d | ||
| 020 | _a9667305007 | ||
| 040 |
_aUA-OsUOA _bukr _cUA-OsUOA _dUA-OsUOA |
||
| 041 | _aukr | ||
| 080 | _a821.133.1 | ||
| 090 |
_a821.133.1 _bП85 |
||
| 100 | _aПруст Марсель | ||
| 245 |
_aУ пошуках утраченого часу _bтвори в 7 т. |
||
| 260 |
_aК. _bЮНІВЕРС _c2000 |
||
| 300 | _a440 с. | ||
| 505 | _gТ.4 | ||
| 650 | 7 |
_a82 Література. Літературознавство _2UDC |
|
| 942 |
_cBK _2udc |
||
| 955 | _a3 | ||
| 999 |
_c324138 _d324138 |
||